Methods of test for elastomeric threads. Part 2. Polyurethane thread (elastane yarn). (Record no. 73122)

MARC details
000 -LEADER
fixed length control field 00371nam a2200121Ia 4500
245 #0 - TITLE STATEMENT
Title Methods of test for elastomeric threads. Part 2. Polyurethane thread (elastane yarn).
260 ## - PUBLICATION, DISTRIBUTION, ETC. (IMPRINT)
Year of publication 1978
500 ## - GENERAL NOTE
General note Standard number: BS 5421 Part 2
650 ## - SUBJECT ADDED ENTRY--TOPICAL TERM
Topical Term Elastomeric threads
650 ## - SUBJECT ADDED ENTRY--TOPICAL TERM
Topical Term Polyurethane threads
942 ## - ADDED ENTRY ELEMENTS (KOHA)
Koha item type Standards
Holdings
Withdrawn status Lost status Damaged status Not for loan Collection code Home library Current library Date acquired Koha item type
      Standards British standards RRII Library RRII Library 31/12/2021 Standards